Вопросы использования метода инверсионной вольтамперометрии в анализе промстоков; Электрохимические методы анализа

Detaylı Bibliyografya
Parent link:Электрохимические методы анализа.— 1981.— С. 63
Diğer Yazarlar: Гринкевич Н. И., Чернышова Н. Н., Карбаинов Ю. А. Юрий Александрович, Стромберг А. Г. Армин Генрихович
Dil:Rusça
Baskı/Yayın Bilgisi: 1981
Konular:
Materyal Türü: MixedMaterials Kitap Bölümü
KOHA link:https://koha.lib.tpu.ru/cgi-bin/koha/opac-detail.pl?biblionumber=187851

MARC

LEADER 00000naa2a2200000 4500
001 187851
005 20240222102838.0
035 |a (RuTPU)RU\TPU\book\203838 
035 |a RU\TPU\book\203836 
090 |a 187851 
100 |a 20101123d1981 k y0rusy50 ca 
101 0 |a rus 
102 |a RU 
200 1 |a Вопросы использования метода инверсионной вольтамперометрии в анализе промстоков  |f Н. И. Гринкевич [и др.] 
463 0 |0 (RuTPU)RU\TPU\book\97566  |t Электрохимические методы анализа  |o тезисы Всесоюзной конференции по электрохимическим методам анализа: Томск, 2-4 июня, 1981 г.  |h Ч. 1  |f Томский политехнический институт; под ред. А. Г. Стромберга; А. А. Каплина  |v С. 63  |d 1981  |p 154 с. 
610 1 |a труды учёных ТПУ 
701 1 |a Гринкевич  |b Н. И.  |4 070 
701 1 |a Чернышова  |b Н. Н.  |4 070 
701 1 |a Карбаинов  |b Ю. А.  |c российский электрохимик и электроаналитик  |c профессор Томского политехнического университета  |f 1940-2007  |g Юрий Александрович  |3 (RuTPU)RU\TPU\pers\15852  |9 5530 
701 1 |a Стромберг  |b А. Г.  |c химик, специалист в области классической полярографии и инверсионной вольтамперометрии  |c профессор Томского политехнического института  |f 1910-2004  |g Армин Генрихович  |3 (RuTPU)RU\TPU\pers\11188  |9 2478 
801 1 |a RU  |b 63413507  |c 20101123 
801 2 |a RU  |b 63413507  |c 20150605  |g RCR 
942 |c BK